Soil organic matter : analysis and interpretation /
Guardado en:
| Autores Corporativos: | , |
|---|---|
| Otros Autores: | , , |
| Formato: | Libro |
| Idioma: | English |
| Publicado: |
Madison, Wis., USA :
Soil Science Society of America,
1996.
|
| Series: | SSSA special publication ;
no. 46 |
| Etiquetas: |
Agregar Etiqueta
Sin Etiquetas, Sea el primero en etiquetar este registro!
|
| LEADER | 01199nam a2200289 a 4500 | ||
|---|---|---|---|
| 001 | EEA.libagro010255 | ||
| 005 | 20161011090906.0 | ||
| 008 | 960531s1996####wiua#####b####100#0#eng#d | ||
| 010 | |a 96068997 | ||
| 020 | |a 0891188223 | ||
| 040 | |a DI-GS |c DI-GS |d CU |d DNAL |d DLC | ||
| 050 | 0 | 0 | |a S592.8 |b .S648 1996 |
| 070 | |a S590.S62 |b no.46 | ||
| 072 | |a J100 | ||
| 082 | 0 | 0 | |a 631.417 |
| 245 | 0 | 0 | |a Soil organic matter : |b analysis and interpretation / |c editors, F.R. Magdoff, M.A. Tabatabai, and E.A. Hanlon, Jr. |
| 260 | |a Madison, Wis., USA : |b Soil Science Society of America, |c 1996. | ||
| 300 | |a xvii, 67 p. : |b il. ; |c 23 cm. | ||
| 440 | 0 | |a SSSA special publication ; |v no. 46 | |
| 500 | |a "Proceedings of a symposium sponsored by Divisions S-4 and S-8 of the Soil Science Society of America in Seattle, Washington, 14 Nov. 1994." | ||
| 504 | |a Incluye referencias bibliográficas. | ||
| 700 | 1 | |a Magdoff, Fred, |d 1942- | |
| 700 | 1 | |a Tabatabai, M. A., |d 1934- | |
| 700 | 1 | |a Hanlon, Edward A. |q (Edward Aloysius), |d 1946- | |
| 710 | 2 | |a Soil Science Society of America. |b Division S-4. | |
| 710 | 2 | |a Soil Science Society of America. |b Division S-8. | |
| 859 | |a AR-BbBCA |b BIB. AGRONOMIA |h 631.417 |i S683 |p 1998/3244 | ||
